LEADER 01170nam0 22002891i 450 001 SUN0028061 005 20050301120000.0 010 $a88-420-4315-X 100 $a20041117d1993 |0itac50 ba 101 $aita 102 $aIT 105 $a|||| ||||| 200 1 $aCinquant'anni di urbanistica in Italia, 1942-1992$fa cura di Giuseppe Campos Venuti e Federico Oliva 210 $aRoma$cLaterza$d1993 215 $a484 p., [16] c. di tav.$cill.$d25 cm. 606 $aUrbanistica$xItalia$x1942-1992$2FI$3SUNC012564 620 $dRoma$3SUNL000360 676 $a711.0945$v21 702 1$aCampos Venuti$b, Giuseppe$3SUNV015238 702 1$aOliva$b, Federico$3SUNV015240 712 $aLaterza$3SUNV000002$4650 801 $aIT$bSOL$c20181109$gRICA 912 $aSUN0028061 950 $aBIBLIOTECA DEL DIPARTIMENTO DI ARCHITETTURA E DISEGNO INDUSTRIALE$d01 PREST IIEa3 $e01 961 995 $aBIBLIOTECA DEL DIPARTIMENTO DI ARCHITETTURA E DISEGNO INDUSTRIALE$bIT-CE0107$h961$kPREST IIEa3$op$qa 996 $aCinquant'anni di urbanistica in Italia, 1942-1992$9325728 997 $aUNICAMPANIA LEADER 01051nam0 22002651i 450 001 UON00429740 005 20231205104902.229 100 $a20130912d1921 |0itac50 ba 101 $aeng 102 $aGB 105 $a|||| 1|||| 200 1 $aˆA ‰Bibliography of the writings of Joseph Conrad (1895-1921)$fThomas James Wise 210 $aLondon$cR. Clay$d1921 215 $axv, 125 p.$d23 cm. 606 $aSWINBURNE, A.C.$3UONC083573$2FI 620 $aGB$dLondon$3UONL003044 676 $a809.9352$cBiografia e autobiografia come letteratura.$v21 700 1$aWISE$bThomas James$3UONV172453$0394661 712 $aClay and Sons$3UONV258613$4650 801 $aIT$bSOL$c20240220$gRICA 899 $aSIBA - SISTEMA BIBLIOTECARIO DI ATENEO$2UONSI 912 $aUON00429740 950 $aSIBA - SISTEMA BIBLIOTECARIO DI ATENEO$dSI Angl V B CON WIS $eSI SI 2166 5 $sBuono 996 $aBibliography of the writings of Joseph Conrad (1895-1921$91335613 997 $aUNIOR